¡Joven!, la vida te llama / (Record no. 27991)

MARC details
000 -LEADER
campo de control de longitud fija 00755nam a2200229 i 4500
001 - NÚMERO DE CONTROL
campo de control 27991
003 - IDENTIFICADOR DE NÚMERO DE CONTROL
campo de control ES-MaACL
005 - FECHA Y HORA DE LA ÚLTIMA TRANSACCIÓN
campo de control 20250828090933.0
007 - CAMPO FIJO DE DESCRIPCIÓN FÍSICA--INFORMACIÓN GENERAL
campo de control de longitud fija t|
008 - DATOS DE LONGITUD FIJA--INFORMACIÓN GENERAL
campo de control de longitud fija 030116s1949 sp ||||1| spa d
080 ## - NÚMERO DE LA CLASIFICACIÓN DECIMAL UNIVERSAL
Número de la Clasificación Decimal Universal 087.5:248.1
100 1# - ENTRADA PRINCIPAL--NOMBRE DE PERSONA
Nombre de persona Baigorri y Azanza, Luis.
9 (RLIN) 24681
245 11 - MENCIÓN DEL TÍTULO
Título ¡Joven!, la vida te llama /
Mención de responsabilidad, etc. P. Luis Baigorri y Azanza, S.S.S.
260 ## - PUBLICACIÓN, DISTRIBUCIÓN, ETC.
Lugar de publicación, distribución, etc. Madrid :
Nombre del editor, distribuidor, etc. Sociedad de Educación Atenas,
Fecha de publicación, distribución, etc. [1949] (
Fabricante Gráf. Carlos Jaime)
300 ## - DESCRIPCIÓN FÍSICA
Extensión 230 p. ;
Dimensiones 20 cm.
490 1# - MENCIÓN DE SERIE
Mención de serie Juventud y espiritualidad ;
Designación de volumen o secuencia 1
650 #4 - PUNTO DE ACCESO ADICIONAL DE MATERIA--TÉRMINO DE MATERIA
Término de materia o nombre geográfico como elemento de entrada Vida cristiana-
Subdivisión de forma Libros infantiles.
9 (RLIN) 17791
710 2# - ENTRADA AGREGADA--NOMBRE DE ENTIDAD CORPORATIVA
Nombre de entidad corporativa o nombre de jurisdicción como elemento de entrada Sociedad de Educación Atenas
9 (RLIN) 6665
830 1# - PUNTO DE ACCESO ADICIONAL DE SERIE-TÍTULO UNIFORME
Título uniforme Juventud y espiritualidad ;
Designación de volumen o secuencia 1
9 (RLIN) 229235
852 ## - LOCALIZACIÓN
Ubicación ES-MaACL
Número de control de estantería D-5561
Holdings
Estatus retirado Estado de pérdida Estado de daño No para préstamo Biblioteca de origen Biblioteca actual Ubicación en estantería Fecha de adquisición Fuente de adquisición Total de préstamos Signatura topográfica completa Código de barras Visto por última vez Precio de reemplazo Tipo de ítem Koha
        Biblioteca del Ateneo de Madrid Biblioteca del Ateneo de Madrid Sala Valle Inclán 17/01/2008     D-5561 901028900 23/02/2023 23/02/2023 Libro impreso